000 00559nam a2200217Ia 4500
005 20250205054751.0
008 240331s9999 xx 000 0 und d
020 _a041515202X
082 _bPET
_22704
_a305.4
100 _aPettman, J. J
245 0 _aWorldling Women:
_bA Feminist International Politics
260 _aLondon;
_aNew York
_bRoutledge
_c1996
300 _axiii, 272 p.,
650 _aWomen
650 _aFeminist
650 _aInternational Politics
650 _aGendered
650 _aLabour Division
650 _aEconomy
942 _cL
999 _c1687
_d1687